000 00613nam a2200217 i 4500
001 147570
003 ES-MaACL
005 20260526170040.0
007 t|
008 071003n19001930sp ||||1| spa d
100 1 _aUrales, Federico,
_d1864-1942
_9112055
245 1 0 _aMi vida /
_cFederico Urales (seud.).
260 _aBarcelona :
_bLa Revista Blanca,
_c[s.a.]
300 _a2 v. ;
_c19 cm.
500 _aSon los t. I y III.
600 1 4 _aUrales, Federico,
_d1864-1942
_9112055
650 7 _aAnarquismo
_2embne
_99783
852 4 _aES-MaACL
_jB-13215-16
942 _2udc
999 _c147570
_d147570